|
|
|
|
| LEADER |
02258nam a2200613 i 4500 |
| 001 |
nkc20243604711 |
| 003 |
CZ PrNK |
| 005 |
20241128091601.0 |
| 007 |
ta |
| 008 |
240514s2024 xr ah e 000 0 slo |
| 015 |
|
|
|a cnb003604711
|
| 020 |
|
|
|a 978-80-909156-0-2
|q (vázáno)
|
| 035 |
|
|
|a (OCoLC)1445418958
|
| 040 |
|
|
|a ABA001
|b cze
|e rda
|
| 041 |
1 |
|
|a slo
|h cze
|
| 043 |
|
|
|a e-cs---
|
| 045 |
|
|
|a x4x8
|
| 072 |
|
7 |
|a 629
|x Dopravní prostředky
|2 Konspekt
|9 19
|
| 080 |
|
|
|a 334.72
|2 MRF
|
| 080 |
|
|
|a 629.331
|2 MRF
|
| 080 |
|
|
|a 659.133
|2 MRF
|
| 080 |
|
|
|a (437)
|2 MRF
|
| 080 |
|
|
|a (048.8)
|2 MRF
|
| 080 |
|
|
|a (084.11)
|2 MRF
|
| 100 |
1 |
|
|a Kupec, Martin,
|d 1972-
|7 ola20201083291
|4 aut
|
| 245 |
1 |
0 |
|a Mototechna :
|b tuzemské aj dovážané osobné vozidlá na plagátoch a v prospektoch 1949-1990 /
|c Martin Kupec ; preklad do slovenčiny: Andrej Rády
|
| 250 |
|
|
|a Vydanie: prvé
|
| 264 |
|
1 |
|a [Zvole u Prahy] :
|b Moto Public,
|c 2024
|
| 300 |
|
|
|a 401 stran :
|b ilustrace (převážně barevné), faksimile ;
|c 27 cm
|
| 336 |
|
|
|a text
|b txt
|2 rdacontent
|
| 336 |
|
|
|a statický obraz
|b sti
|2 rdacontent
|
| 337 |
|
|
|a bez média
|b n
|2 rdamedia
|
| 338 |
|
|
|a svazek
|b nc
|2 rdacarrier
|
| 500 |
|
|
|a Přeloženo z češtiny
|
| 500 |
|
|
|a 1200 výtisků
|
| 504 |
|
|
|a Obsahuje bibliografii
|
| 546 |
|
|
|a Slovenský text
|
| 610 |
2 |
7 |
|a Mototechna (firma)
|7 xx0169947
|2 czenas
|
| 648 |
|
7 |
|a 1949-1989
|7 ch969068
|2 czenas
|
| 650 |
0 |
7 |
|a firmy
|7 ph120256
|z Československo
|y 1949-1989
|2 czenas
|
| 650 |
0 |
7 |
|a osobní automobily
|7 ph115616
|z Československo
|y 1949-1989
|2 czenas
|
| 650 |
0 |
7 |
|a reklamní plakáty
|7 ph125095
|z Československo
|y 1949-1989
|2 czenas
|
| 650 |
0 |
9 |
|a firms
|z Czechoslovakia
|y 1949-1989
|2 eczenas
|
| 650 |
0 |
9 |
|a passenger cars
|z Czechoslovakia
|y 1949-1989
|2 eczenas
|
| 650 |
0 |
9 |
|a advertising posters
|z Czechoslovakia
|y 1949-1989
|2 eczenas
|
| 655 |
|
7 |
|a monografie
|7 fd132842
|2 czenas
|
| 655 |
|
7 |
|a obrazové publikace
|7 fd132947
|2 czenas
|
| 655 |
|
9 |
|a monographs
|2 eczenas
|
| 655 |
|
9 |
|a pictorial works
|2 eczenas
|
| 700 |
1 |
|
|a Rády, Andrej,
|d 1954-
|7 mzk2004237010
|4 trl
|
| 910 |
2 |
|
|a BOA001
|b 3-1528.522
|
| 990 |
|
|
|a BK
|
| 995 |
|
|
|a 01
|
| 996 |
6 |
|
|b 2610975126
|c 3-1528.522
|l MZK
|r Sklad / do 1 hodiny
|n 0
|p p.v.
|w 001970800
|u 000010
|a 1
|e BOA001
|j MZK50
|s P
|